Creation and guilt : a theological assessment of Freud's father-son conflict.

Bibliographic Details
Main Author: Maybaum, Ignaz, 1897-1976
Format: Book
Language:English
Published: London : Vallentine, Mitchell, 1969.
Subjects:

MARC

Tag First Indicator Second Indicator Subfields
LEADER 00000cam a2200000 4500
001 in00000290521
005 20151010073811.0
008 700316s1969 enk 00000 eng
010 |a  73446848  
015 |a B69-25586 
020 |a 0853030294  |c 25/- 
035 |a (OCoLC)00061130 
035 |9 ABF1471AM 
040 |a DLC  |c DLC  |d TXA  |d UtOrBLW 
049 |a TXAM  |c [1123077] 
050 0 0 |a BL53  |b .M435 
082 0 |a 200/.1/9 
100 1 |a Maybaum, Ignaz,  |d 1897-1976. 
245 1 0 |a Creation and guilt :  |b a theological assessment of Freud's father-son conflict. 
264 1 |a London :  |b Vallentine, Mitchell,  |c 1969. 
300 |a 203 pages ;  |c 23 cm. 
336 |a text  |b txt  |2 rdacontent 
337 |a unmediated  |b n  |2 rdamedia 
338 |a volume  |b nc  |2 rdacarrier 
600 1 0 |a Freud, Sigmund,  |d 1856-1939. 
650 0 |a Psychology, Religious. 
650 0 |a Fathers and sons. 
650 0 |a Judaism  |x Relations. 
999 |a MARS 
999 f f |s 8abd11df-e4ea-3fec-a24d-55db26cfb15c  |i 80352aea-2268-3d25-9b2f-4244a2cefff5  |t 0 
952 f f |p ric  |a Texas A&M University  |b Rellis Campus  |c Joint Library Facility  |d Remote Storage  |t 0  |e BL53 .M435  |h Library of Congress classification  |i unmediated -- volume  |m A14801730671 
998 f f |a BL53 .M435  |t 0  |l Remote Storage